Ciencias sociales : historia y geografía de américa /
Guardado en:
| Autor Principal: | |
|---|---|
| Otros Autores: | , , |
| Formato: | Libro |
| Publicado: |
Buenos Aires :
Troquel ,
1999
|
| Series: | Espacio - tiempo
|
| Materias: | |
| Etiquetas: |
Agregar Etiqueta
Sin Etiquetas, Sea el primero en etiquetar este registro!
|
| LEADER | 01462nam a22002775a 4500 | ||
|---|---|---|---|
| 001 | CEM.cems010609 | ||
| 005 | 20080228093409.0 | ||
| 008 | 130507s1999##################000#0#####d | ||
| 003 | CEMS | ||
| 020 | |a 9501665402 | ||
| 082 | 0 | 4 | |a Z302 |
| 100 | 1 | |a Durán, Diana | |
| 245 | 1 | 0 | |a Ciencias sociales : |b historia y geografía de américa / |c Diana Durán ... [et Al.] |
| 260 | |a Buenos Aires : |b Troquel , |c 1999 | ||
| 300 | |a 287 p. | ||
| 490 | 0 | |a Espacio - tiempo | |
| 500 | |a Para 8°año Egb | ||
| 505 | 0 | |a HISTORIA: La crisis del feudalismo y la organización de los imperios americanos en los siglos XIV y XV -- La conquista y las colonias en los siglos XVI y XVI -- El mundo moderno europeo y las revoluciones americanas -- El mundo industrial europeo y la búsqueda de un nuevo orden en Hispanoamérica -- La sociedad industrial europea y los estados nacionales americanos -- GEOGRAFIA: La población americana: cambios y contrastes -- El medio ambiente americano -- Las actividades económicas, espacios agrarios e industriales en transición -- Urbanización: impactos mundiales -- Desarrollo humano e integración regional -- actividades de integración | |
| 653 | |a Ciencias sociales | ||
| 653 | |a Ciencias sociales-8°egb | ||
| 653 | |a Geografía de américa | ||
| 653 | |a Historia de américa | ||
| 700 | 1 | |a Baxendale, Claudia | |
| 700 | 1 | |a Pierre, Laura | |
| 700 | 1 | |a Buzai, G | |
| 859 | |a CEMS |b BIB. CEMS - 11 de abril |h Z302 |i D135 |p 21181.01 |t Ej.1 |v 8° |3 8° | ||
